Introduction aux communications de masse (Record n. 67045)
[ formato base ]
| 000 -LEADER | |
|---|---|
| fixed length control field | 01778nam a2200385Ia 4500 |
| 001 - CONTROL NUMBER | |
| control field | 87626 |
| 003 - CONTROL NUMBER IDENTIFIER | |
| control field | IT-RoPAU |
| 008 - FIXED-LENGTH DATA ELEMENTS--GENERAL INFORMATION | |
| fixed length control field | 130308s9999 xx 000 0 und d |
| 040 ## - CATALOGING SOURCE | |
| Original cataloging agency | IT-RoPAU |
| 040 ## - CATALOGING SOURCE | |
| Transcribing agency | IT-RoPAU |
| 041 ## - LANGUAGE CODE | |
| Language code of text/sound track or separate title | FRANCESE |
| 999 ## - SYSTEM CONTROL NUMBERS (KOHA) | |
| Koha Dewey Subclass [OBSOLETE] | SI |
| 100 ## - MAIN ENTRY--PERSONAL NAME | |
| Personal name | Agee K. Warren |
| 100 ## - MAIN ENTRY--PERSONAL NAME | |
| Miscellaneous information | Codice Aut. SPICS: 10069 |
| 240 ## - UNIFORM TITLE | |
| Uniform title | INTRODUCTION to MASS COMMUNICATIONS |
| 240 ## - UNIFORM TITLE | |
| Miscellaneous information | Codice Tit. Orig. Spics: T1120 |
| 242 ## - TRANSLATION OF TITLE BY CATALOGING AGENCY | |
| Title | COMUNICACIONES EN EL MUNDO ACTUAL (LAS) |
| 242 ## - TRANSLATION OF TITLE BY CATALOGING AGENCY | |
| Number of part/section of a work | Cod. Traduzione Titolo: 3142 |
| 242 ## - TRANSLATION OF TITLE BY CATALOGING AGENCY | |
| Language code of translated title | SPA |
| 245 ## - TITLE STATEMENT | |
| Title | Introduction aux communications de masse |
| 245 ## - TITLE STATEMENT | |
| Remainder of title | Introduction Aux Communications de Masse |
| 250 ## - EDITION STATEMENT | |
| Edition statement | 1a ed. |
| 260 ## - PUBLICATION, DISTRIBUTION, ETC. (IMPRINT) | |
| Place of publication, distribution, etc. | BRUXELLES/P. |
| 260 ## - PUBLICATION, DISTRIBUTION, ETC. (IMPRINT) | |
| Name of publisher, distributor, etc. | De Boeck/Duculot |
| 260 ## - PUBLICATION, DISTRIBUTION, ETC. (IMPRINT) | |
| Date of publication, distribution, etc. | 1989 [1° Ed.:1989 - Ed.Ling.Originale:1960] |
| 300 ## - PHYSICAL DESCRIPTION | |
| Extent | "754 p. (prefazione: 18; testo: 736)" |
| 500 ## - GENERAL NOTE | |
| General note | Introduzione Alle comunicazioni di Massa ruolo dei Media Esplosione dei Media Media Società Processo ed Effetti dei Media Edizione e Stampa Scritta Libertà Storiche della Stampa Sviluppo della Stampa Giornali Agenzie di Stampa e sindacati Periodici Media Elettronici e Cinema Crescita della Radio Cinema e Televisione video videoclip Musica Popolare Comunicazione Fotografica e grafica Arte della Persuasione Pubblicità Pubbliche relazioni Educazione Ricerca Sui Media Formazione Ai Media Critiche e sfide Governo Media e Pubblico Ambiente legale dei Media Responsabilità Morali e Sociali dei Media Media internazionali Linguaggio dei Media Bibliografia |
| 650 ## - SUBJECT ADDED ENTRY--TOPICAL TERM | |
| Topical term or geographic name as entry element | TEORIA DELLA COMUNICAZIONE SOCIALE |
| 650 ## - SUBJECT ADDED ENTRY--TOPICAL TERM | |
| Relator term | Codice materia Spics: 3802 |
| 700 ## - ADDED ENTRY--PERSONAL NAME | |
| Personal name | Ault Phillip H.Emery Edwin |
| 700 ## - ADDED ENTRY--PERSONAL NAME | |
| Miscellaneous information | Codice Aut. SPICS: 9731Codice Aut. SPICS: 6952 |
| 942 ## - ADDED ENTRY ELEMENTS (KOHA) | |
| Koha item type | LIBRO |
| 957 ## - | |
| -- | 1 |
| 999 ## - SYSTEM CONTROL NUMBERS (KOHA) | |
| -- | 2 |
| Withdrawn status | Lost status | Damaged status | Not for loan | Home library | Current library | Date acquired | Total Checkouts | Full call number | Date last seen | Price effective from | Koha item type | Public note |
|---|---|---|---|---|---|---|---|---|---|---|---|---|
| Buone Condizioni | Not For Loan | SPICS-MEDIATECA | SPICS-MEDIATECA | 08/03/2013 | 87626 | 08/03/2013 | 08/03/2013 | LIBRO | Progressivo inserimento: 11512 / N. Volumi: 1 Copie: 2 Copia Rara: SI / data import: 1 marzo 2013 - By Epidotti, Trombetti, Vaglietti. |